Rozhledy v chirurgii celostátní odborný časopis České chirurgické společnosti a Slovenskej chirurgickej spoločnosti

Bibliographic Details
Previous Title:Rozhledy v chirurgii a gynekologii
Other Authors: Hájek, Miloš (Publishing director)
Format: Journal
Language:Czech
PhysicalDescription:zv. ilustr., tab. 30 cm
Online vydanie: Rozhledy v chirurgii (On-line) ISSN 1805-4579
Published: Praha Státní zdravotnické nakladatelství 1937-
Praha Avicenum
Praha Česká lékařská společnost J. E. Purkyně
ISSN:0035-9351
0231-6846
Subjects:
Online Access:http://www.chirurgie.cz

MARC

LEADER 00000cas a22000004a 4500
001 vtls008880199
003 SK-MaSNL
005 20260228162249.0
008 160624c19379999xr mr p 0 1 b0cze d
022 |a 0035-9351 
035 |a (SVKBB03)vtls000030286 
040 |a SVKBB  |b slo  |c SVKBB  |d SAVUK  |d SNK  |e AACR2 
041 0 |a cze  |b eng 
044 |a xr  |c CZ 
072 7 |a 617  |x Ortopédia. Chirurgia. Oftalmológia  |2 konspekt 
080 |a 617-089  |2 2001 
210 0 |a Rozhl. chir.  |b (Print) 
222 0 |a Rozhledy v chirurgii  |b (Print) 
245 0 0 |a Rozhledy v chirurgii  |b celostátní odborný časopis České chirurgické společnosti a Slovenskej chirurgickej spoločnosti 
246 3 1 |a Perspectives in Surgery  |b journal of Czech Surginal Society 
247 0 1 |a Rozhledy v chirurgii  |f 1937-1969 
247 0 1 |a Rozhledy v chirurgii  |b časopis chirurgické společnosti  |f 1970-1993 
247 0 1 |a Rozhledy v chirurgii  |b celostátní odborný časopis České chirurgické společnosti  |f 1994-1995 
260 |a Praha  |b Státní zdravotnické nakladatelství  |c 1937- 
260 2 |3 1970-1994  |a Praha  |b Avicenum 
260 3 |3 1995-  |a Praha  |b Česká lékařská společnost J. E. Purkyně 
300 |a zv.  |b ilustr., tab.  |c 30 cm 
310 |a 1x mesačne  |b 1996- 
321 |a 8x ročne  |b 1993-1995 
362 0 |a 1 = 16 (1937/38) - 16 = 31 (1952) ; Roč. 32 (1953) -  |z ZDB/2008 
500 |a Podnázov od r. 2008: odborný časopis České chirurgické společnosti 
504 |a Bibliogr. odkazy 
530 |a Online vydanie: Rozhledy v chirurgii (On-line) ISSN 1805-4579 
546 |a Obsahy jednotlivých článkov v angličtine 
650 0 7 |a chirurgia  |2 SNKPH  |9 2178 
650 0 7 |a Surgery  |2 SNKPHeng  |9 268480 
700 1 |a Hájek, Miloš  |4 pbd  |9 270679 
780 0 0 |t Rozhledy v chirurgii a gynekologii  |x 0231-6846 
852 |a Štátna vedecká knižnica v Banskej Bystrici 
856 4 1 |u http://www.chirurgie.cz 
910 |a snk 
910 |a savuk 
999 |c 7341  |d 9271 
952 |t č. 1-12 + suppl.  |a SNK  |b SNK  |y PREZ  |7 0  |p 17A1460865  |o snkČSB 4781/98/2019  |i snk2022/432  |8 4  |z Supplementum č. 1  |0 0  |1 0  |4 0  |d 2022-01-10  |l 0  |r 2026-02-21 19:29:21  |w 2026-02-21 
952 |t č. 1-12 + obsah v č. 1  |a SNK  |b SNK  |y PREZ  |7 0  |p 17A0609333  |o snkČSB 4781/84/2005  |i snk2009/4853  |8 4  |0 0  |1 0  |4 0  |d 2009-03-10  |l 0  |r 2026-02-21 19:30:41  |w 2026-02-21 
952 |t č. 1-12  |a SNK  |b SNK  |y PREZ  |7 0  |p 17A1555757  |o snkČSB 4781/101/2022  |i snk2025/4669  |8 3  |0 0  |1 0  |4 0  |d 2025-03-17  |l 0  |r 2026-02-21 19:42:00  |w 2026-02-21 
952 |t č. 1-12  |a SNK  |b SNK  |y NEVYP  |7 1  |p 17A1084531  |o snkČSB 4781/87/2008  |i snk2014/16  |8 1  |0 0  |1 0  |4 0  |d 2014-01-02  |l 0  |r 2026-02-21 19:43:34  |w 2026-02-21 
952 |t č. 1-12  |a SNK  |b SNK  |y PREZ  |7 0  |p 17A0869615  |o snkČSB 4781/90/2011  |i snk2014/809  |8 4  |0 0  |1 0  |4 0  |d 2014-01-10  |l 0  |r 2026-02-21 19:43:59  |w 2026-02-21 
952 |t č. 1-6  |a SNK  |b SNK  |y PREZ  |7 0  |p 17A1465967  |o snkČSB 4781/100/2021/1  |i snk2023/8318  |8 3  |0 0  |1 0  |4 0  |d 2023-05-24  |l 0  |r 2026-02-21 19:47:14  |w 2026-02-21 
952 |t č. 7-12  |a SNK  |b SNK  |y PREZ  |7 0  |p 17A1465968  |o snkČSB 4781/100/2021/2  |i snk2023/8321  |8 3  |0 0  |1 0  |4 0  |d 2023-05-24  |l 0  |r 2026-02-21 19:47:14  |w 2026-02-21 
952 |t č. 1-12  |a SNK  |b SNK  |y PREZ  |7 0  |p 17A1465979  |o snkČSB 4781/88/2009 D1  |i snk2012/21406  |8 1  |0 0  |1 0  |4 0  |d 2023-06-12  |l 0  |r 2026-02-21 19:48:54  |w 2026-02-21 
952 |t č. 1-12  |a SNK  |b SNK  |y PREZ  |7 0  |p 17A0679258  |o snkČSB 4781/88/2009  |i snk2011/6543  |8 4  |0 0  |1 0  |4 0  |d 2011-03-22  |l 0  |r 2026-02-21 19:56:52  |w 2026-02-21 
952 |t č. 1-12 + suppl.  |a SNK  |b SNK  |y PREZ  |7 0  |p 17A1462844  |o snkČSB 4781/81/2002 D1  |i snk2022/9114  |8 5  |z Supplementum 1  |0 0  |1 0  |4 0  |d 2022-06-07  |l 0  |r 2026-02-21 20:11:15  |w 2026-02-21 
952 |t č. 1-12  |a SNK  |b SNK  |c SNK_KF  |y PREZ  |7 8  |p 17A1558148  |o snkČSB 4781/102/2023  |i snk2025/17946  |8 3  |0 0  |1 0  |4 0  |d 2025-11-10  |l 0  |r 2026-02-21 20:11:56  |w 2026-02-21 
952 |t č. 1-12  |a SNK  |b SNK  |y PREZ  |7 0  |p 17A1465707  |o snkČSB 4781/99/2020  |i snk2023/4453  |8 3  |0 0  |1 0  |4 0  |d 2023-03-15  |l 0  |r 2026-02-21 20:12:24  |w 2026-02-21 
952 |t č. 1-12 + obsah  |a SNK  |b SNK  |y PREZ  |7 0  |p 17A0556398  |o snkČSB 4781/83/2004  |i snk2007/25180  |8 4  |0 0  |1 0  |4 0  |d 2007-11-19  |l 0  |r 2026-02-21 20:21:12  |w 2026-02-21 
952 |t č. 1-12  |a SNK  |b SNK  |y PREZ  |7 0  |p 17A0888374  |o snkČSB 4781/77/1998 D1  |i snk2001/2582  |0 0  |1 0  |4 0  |d 2012-05-11  |l 0  |r 2026-02-21 20:30:09  |w 2026-02-21 
952 |t č. 1-12  |a SNK  |b SNK  |y PREZ  |7 0  |p 17A7632864  |o snkČSB 4781/76/1997 D1  |i snkČIP 2001/2584  |0 0  |1 0  |4 0  |d 2012-02-10  |l 0  |r 2026-02-21 20:40:29  |w 2026-02-21 
952 |t č. 1-8  |a SNK  |b SNK  |y PREZ  |7 0  |p 17A7632863  |o snkČSB 4781/74/1995 D1  |i snkČIP 1598/98  |0 0  |1 0  |4 0  |d 2012-02-10  |l 0  |r 2026-02-21 20:40:29  |w 2026-02-21 
952 |t č. 1-12  |a SNK  |b SNK  |y PREZ  |7 0  |p 17A0870826  |o snkČSB 4781/87/2008 D1  |i snk2014/27976  |8 4  |0 0  |1 0  |4 0  |d 2014-12-16  |l 0  |r 2026-02-21 20:42:39  |w 2026-02-21 
952 |t č. 1-12, neúplné  |a SNK  |b SNK  |y PREZ  |7 0  |p 17A0870827  |o snkČSB 4781/89/2010 D1  |i snk2014/27983  |8 4  |z chýba č. 10-12  |0 0  |1 0  |4 0  |d 2014-12-16  |l 0  |r 2026-02-21 20:42:39  |w 2026-02-21 
952 |t č. 1-12  |a SNK  |b SNK  |y PREZ  |7 0  |p 17A1047213  |o snkČSB 4781/91/2012  |i snk2015/7595  |8 4  |0 0  |1 0  |4 0  |d 2015-03-04  |l 0  |r 2026-02-21 21:04:54  |w 2026-02-21 
952 |a SNK  |b SNK  |y PREZ  |7 0  |p 17A0339263  |o snkČSB 4781/75/1996 D1  |0 0  |1 0  |4 0  |d 2002-04-03  |l 0  |r 2005-01-02 00:00:00  |w 2026-02-21 
952 |t č. 1-8  |a SNK  |b SNK  |y PREZ  |7 0  |p 17A0360827  |o snkČSB 4781/74/1995 D1  |0 0  |1 0  |4 0  |d 2002-10-25  |l 0  |r 2005-01-02 00:00:00  |w 2026-02-21 
952 |a SNK  |b SNK  |y PREZ  |7 0  |p 17A0409100  |o snkČSB 4781/78/1999 D1  |i snkČZK 2663/2002  |0 0  |1 0  |4 0  |d 2004-01-07  |l 0  |r 2005-01-02 00:00:00  |w 2026-02-21 
952 |t č. 1-12  |a SNK  |b SNK  |y PREZ  |7 0  |p 17A0419718  |o snkČSB 4781/78/1999  |i snkČZK 2662/2002  |0 0  |1 0  |4 0  |d 2004-03-16  |l 0  |r 2005-01-02 00:00:00  |w 2026-02-21 
952 |t č. 1-4  |a SNK  |b SNK  |y PREZ  |7 0  |p 17A1151082  |o snkČSB 4781/79/2000  |i snk2002/277  |0 0  |1 0  |4 0  |d 2004-03-16  |l 0  |r 2005-01-02 00:00:00  |w 2026-02-21 
952 |t č. 1-12  |a SNK  |b SNK  |y PREZ  |7 0  |p 17A0419568  |o snkČSB 4781/80/2001  |i snkČZK 778/2003  |8 4  |0 0  |1 0  |4 0  |d 2004-03-16  |l 0  |r 2005-01-02 00:00:00  |w 2026-02-21 
952 |t č. 1-12 + obsah  |a SNK  |b SNK  |y PREZ  |7 0  |p 17A0609822  |o snkČSB 4781/85/2006  |i snk2009/18391  |8 4  |0 0  |1 0  |4 0  |d 2009-10-12  |l 0  |r 2026-02-21 21:12:58  |w 2026-02-21 
952 |t č. 1-12 + obsah  |a SNK  |b SNK  |y PREZ  |7 0  |p 17A0609823  |o snkČSB 4781/86/2007  |i snk2009/18393  |8 4  |0 0  |1 0  |4 0  |d 2009-10-12  |l 0  |r 2026-02-21 21:12:58  |w 2026-02-21 
952 |t č. 1-12 + suppl.  |a SNK  |b SNK  |y PREZ  |7 0  |p 17A0462430  |o snkČSB 4781/81/2002  |i snkČZK 929/2004  |8 4  |z Supplementum 1  |0 0  |1 0  |4 0  |d 2005-03-16  |l 0  |r 2026-02-21 21:20:46  |w 2026-02-21 
952 |t č. 1-12  |a SNK  |b SNK  |y PREZ  |7 0  |p 17A0462565  |o snkČSB 4781/82/2003  |i snkČZK 930/2004  |0 0  |1 0  |4 0  |d 2005-03-16  |l 0  |r 2026-02-21 21:20:46  |w 2026-02-21 
952 |t č. 1-8  |a SNK  |b SNK  |y PREZ  |7 0  |p 17A0466174  |o snkČSB 4781/74/1995  |i snkČIP 1595/98  |0 0  |1 0  |4 0  |d 2005-04-11  |l 0  |r 2026-02-21 21:20:55  |w 2026-02-21 
952 |t č. 1-12 + obsah v č. 1  |a SNK  |b SNK  |y PREZ  |7 0  |p 17A1027322  |o snkČSB 4781/89/2010  |i snk2013/22534  |8 1  |0 0  |1 0  |4 0  |d 2013-09-25  |l 0  |r 2026-02-21 21:31:22  |w 2026-02-21 
952 |t č. 1-12  |a SNK  |b SNK  |y PREZ  |7 0  |p 17A1096601  |o snkČSB 4781/92/2013  |i snk2015/17167  |8 4  |0 0  |1 0  |4 0  |d 2015-05-29  |l 0  |r 2026-02-21 21:34:53  |w 2026-02-21 
952 |t č. 1-12  |a SNK  |b SNK  |y PREZ  |7 0  |p 17A1264033  |o snkČSB 4781/94/2015  |i snk2017/18934  |8 4  |0 0  |1 0  |4 0  |d 2017-08-24  |l 0  |r 2026-02-21 21:48:45  |w 2026-02-21 
952 |t č. 1-12  |a SNK  |b SNK  |y PREZ  |7 0  |p 17A1097463  |o snkČSB 4781/80/2001 D1  |i snk2016/1026  |8 1  |0 0  |1 0  |4 0  |d 2016-01-15  |l 0  |r 2026-02-21 21:53:33  |w 2026-02-21 
952 |t č. 1-12  |a SNK  |b SNK  |y PREZ  |7 0  |p 17A1430961  |o snkČSB 4781/97/2018  |i snk2020/11384  |8 4  |0 0  |1 0  |4 0  |d 2020-06-26  |l 0  |r 2026-02-21 22:01:43  |w 2026-02-21 
952 |t č. 1-12  |a SNK  |b SNK  |y PREZ  |7 0  |p 17A1202053  |o snkČSB 4781/93/2014  |i snk2016/22545  |8 4  |0 0  |1 0  |4 0  |d 2016-09-28  |l 0  |r 2026-02-21 22:10:02  |w 2026-02-21 
952 |t č. 1-12  |a SNK  |b SNK  |y PREZ  |7 0  |p 17A0856212  |o snkČSB 4781/76/1997  |i snkČIP 2001/2583  |8 4  |0 0  |1 0  |4 0  |d 2016-10-06  |l 0  |r 2026-02-21 22:10:03  |w 2026-02-21 
952 |t č. 1-12  |a SNK  |b SNK  |y PREZ  |7 0  |p 17A1383381  |o snkČSB 4781/96/2017  |i snk2019/32302  |8 4  |0 0  |1 0  |4 0  |d 2019-12-17  |l 0  |r 2026-02-21 22:15:39  |w 2026-02-21 
952 |t č. 1-12  |a SNK  |b SNK  |y PREZ  |7 0  |p 17A1341052  |o snkČSB 4781/95/2016  |i snk2019/286  |8 4  |0 0  |1 0  |4 0  |d 2019-01-07  |l 0  |r 2026-02-21 22:20:21  |w 2026-02-21 
952 |t č. 1-4  |a SNK  |b SNK  |y PREZ  |7 0  |p 17A1153558  |o snkČSB 4781/79/2000 D1  |i snkČIP 278/2002  |0 0  |1 0  |4 0  |d 2018-01-31  |l 0  |r 2026-02-21 22:26:32  |w 2026-02-21